| 000 | 01041cam a22003373a 4500 | ||
|---|---|---|---|
| 001 | 24145 | ||
| 003 | PGUSA | ||
| 005 | 20140828083521.0 | ||
| 008 | 080103s2008||||xxu|||||s|||||000 1 eng d | ||
| 040 |
_aPGUSA _beng |
||
| 042 | _adc | ||
| 050 | 4 | _aPR | |
| 100 | 1 |
_aStevenson, Robert Louis, _d1850-1894 |
|
| 245 | 1 | 0 |
_aDoktoro Jekyll kaj Sinjoro Hyde _h[electronic resource] / _cRobert Louis Stevenson |
| 260 |
_bProject Gutenberg, _c2008 |
||
| 506 | _aPublic domain in the USA. | ||
| 516 | _aElectronic text | ||
| 653 | _aSelf-experimentation in medicine -- Fiction | ||
| 653 | _aScience fiction | ||
| 653 | _aPhysicians -- Fiction | ||
| 653 | _aPsychological fiction | ||
| 653 | _aLondon (England) -- Fiction | ||
| 653 | _aMultiple personality -- Fiction | ||
| 653 | _aHorror tales | ||
| 700 | 1 | _aMorrison, William | |
| 700 | 1 | _aMann, William W. | |
| 740 | 0 | _aStrange case of Dr. Jekyll and Mr. Hyde. Esperanto | |
| 830 | 0 |
_aProject Gutenberg _v24145 |
|
| 856 | 4 | 0 | _uhttp://www.gutenberg.org/ebooks/24145 |
| 942 | _cEB | ||
| 999 |
_c253400 _d253400 |
||